• 首页
  • 本馆介绍
  • 公告通知
  • 最新文献
  • 馆藏检索
  • 电子资源
  • 读者导购
  • 参考咨询
  • 我的图书馆
  • 登录
  • 详细信息显示
  • 放入我的书架
  • 预约/预借图书
  • 作者相关作品
  • 分类相关作品
  • 丛书相关作品
  • 出版社相关作品

书目信息

  • 表格格式
  • 工作单格式
  • 卡片格式
题名:
Excel 2007在会计与财务管理日常工作中的应用
    
 
作者: ;神龙工作室 编著
分册:  
出版信息: 北京   人民邮电出版社  2014
页数: 360页
开本: 26cm
丛书名:
单 册:
中图分类: F232 , F275-39
科图分类:
主题词: 表处理软件--应用--会计 , 表处理软件--应用--财务管理
电子资源:
ISBN: 978-7-115-37218-5
000 01033nam0 2200277 450
001 338782
005 20150603151942.39
010    @a978-7-115-37218-5@dCNY49.80
100    @a20141230d2014 em y0chiy50 ea
101 0  @achi
102    @aCN@b110000
105    @aa z 001yy
106    @ar
200 1  @aExcel 2007在会计与财务管理日常工作中的应用@AExcel 2007 zai kuai ji yu cai wu guan li ri chang gong zuo zhong de ying yong@f神龙工作室编著
210    @a北京@c人民邮电出版社@d2014
215    @a360页@c图@d26cm@e光盘1片
300    @a高效办公
307    @a附光盘:ISBN 978-7-89397-268-3
330    @a本书共11章, 分别介绍常见财务单据和统计表、制作会计账务表单、会计记账、进销存管理、往来账务处理、员工工资管理、固定资产管理、月末账务处理、会计报表、财务分析及打印工作表表单等内容。
606 0  @a表处理软件@x应用@x会计
606 0  @a表处理软件@x应用@x财务管理
690    @aF232@v5
690    @aF275-39@v5
711 02 @a神龙工作室@Ashen long gong zuo shi@4编著
801  0 @aCN@b卓展宏图@c20150525
905    @dF232@e490@f5
    
    Excel 2007在会计与财务管理日常工作中的应用/神龙工作室编著.-北京:人民邮电出版社,2014
    360页:图;26cm+光盘1片
    高效办公
    
    ISBN 978-7-115-37218-5:CNY49.80
    本书共11章, 分别介绍常见财务单据和统计表、制作会计账务表单、会计记账、进销存管理、往来账务处理、员工工资管理、固定资产管理、月末账务处理、会计报表、财务分析及打印工作表表单等内容。
●
相关链接 在E读中查询图书 在五车中查询图书 在当当中查询图书 在豆瓣中查询图书


正题名:Excel 2007在会计与财务管理日常工作中的应用     索取号:F232/490         预约/预借

序号 登录号 条形码 馆藏地/架位号 状态 备注
1 860508   208605080   第一样本阅览室/ [索取号:F232/490] 在馆    
2 860509   208605099   第一借阅区/ [索取号:F232/490] 在馆    
3 860510   208605106   第一借阅区/ [索取号:F232/490] 在馆    
4 860511   208605115   第一借阅区/ [索取号:F232/490] 在馆    
5 860512   208605124   密集书库-海洋学院/ [索取号:F232/490] 在馆    
唐山师范学院图书馆 欢迎您!
大连网信软件有限公司© 版权所有